000 00505cam a2200157 4500500
005 20260329021330.0
041 _afre
042 _adc
100 1 0 _aStruczyk, Stanislas
_eauthor
700 1 0 _aBourgeois, Didier
_eauthor
245 0 0 _aUn avatar des troubles du narcissisme : les « NEET »
260 _c2009.
500 _a1
786 0 _nPsy Cause | 54 | 2 | 2009-01-06 | p. 31-35 | 1245-2394
856 4 1 _uhttps://shs.cairn.info/revue-psy-cause-2009-2-page-31?lang=fr&redirect-ssocas=7080
999 _c1911701
_d1911701